| 000 | 00839cab a2200217 4500 | ||
|---|---|---|---|
| 001 | ABS37599 | ||
| 008 | 090401t1987 xxu||||| |||| 00| 0 eng d | ||
| 035 | _a(Sirsi) u5472 | ||
| 041 | _aeng | ||
| 100 | _aPhillips, H. | ||
| 245 | _aContaining variable costs | ||
| 260 | _c1987 | ||
| 350 | _a0 | ||
| 490 |
_aNatWest Agricultural Digest _v(15) January 1987, 4-6(3) |
||
| 520 | _aThere is room for containing variable costs of the high input system of cereal production which is likely to continue for some time. Possibilities of cutting costs in seed, fertiliser and agrochemicals are reviewed. It is concluded that there is room for improving gross margins from cereals but it requires an increase in management input. | ||
| 650 | _aFARMING | ||
| 650 | _aFINANCE | ||
| 690 | _aRURAL PRACTICE | ||
| 942 | _n0 | ||
| 948 | _c04/03/1997 | ||
| 999 |
_c3256 _d3256 |
||